Central Library OPAC University of Rajshahi

Elementary crystallography : (Record no. 10956)

MARC details
000 -LEADER
fixed length control field 00802nam a2200241 a 4500
001 - CONTROL NUMBER
control field 10956
003 - CONTROL NUMBER IDENTIFIER
rucl marc code BD-RjUL
005 - DATE AND TIME OF LATEST TRANSACTION
control field 20211208235038.0
008 - FIXED-LENGTH DATA ELEMENTS--GENERAL INFORMATION
fixed length control field 140125s1963 enk 000 0 eng
035 ## - SYSTEM CONTROL NUMBER
System control number oxf98415381
-- (BD-RjUL)11005
040 ## - CATALOGING SOURCE
Original cataloging agency APL
Transcribing agency APL
Modifying agency m.c
-- BD-RjUL
Language of cataloging eng
041 ## - LANGUAGE CODE
Language code of text/sound track or separate title eng
082 04 - DEWEY DECIMAL CLASSIFICATION NUMBER
Classification number 548
Author mark and year BUE 1963
Edition number 23
100 1# - MAIN ENTRY--PERSONAL NAME
Personal name Buerger, Martin J.
Fuller form of name (Martin Julian),
Dates associated with a name 1903-1986.
9 (RLIN) 33863
245 10 - TITLE STATEMENT
Title Elementary crystallography :
Remainder of title an introduction to the fundamental geometrical features of crystals /
Statement of responsibility, etc. Martin J. Buerger
250 ## - EDITION STATEMENT
Edition statement revised printing
260 ## - PUBLICATION, DISTRIBUTION, ETC. (IMPRINT)
Place of publication, distribution, etc. New York ;
-- London :
Name of publisher, distributor, etc. Wiley,
Date of publication, distribution, etc. 1956 [Printing 1965]
300 ## - PHYSICAL DESCRIPTION
Pagination xxiii, 528 p. :
Illustrations ill. ;
Size 23 cm.
500 ## - GENERAL NOTE
General note First published: 1956
504 ## - BIBLIOGRAPHY, ETC. NOTE
Bibliography, etc Includes index
650 #0 - SUBJECT ADDED ENTRY--TOPICAL TERM
Topical term or geographic name as entry element Crystallography
9 (RLIN) 33864
942 ## - ADDED ENTRY ELEMENTS (KOHA)
Source of classification or shelving scheme Dewey Decimal Classification
Koha item type Books
Holdings
Lost status Source of classification or shelving scheme Damaged status Not for loan Collection code Permanent Location Current Location Shelving location Date acquired Source of acquisition Cost, normal purchase price Total Checkouts Full call number Date last seen Date checked out Copy number Koha item type
  Dewey Decimal Classification     Non-fiction Central Library, University of Rajshahi Central Library, University of Rajshahi   22/10/1973 U.S. Govt. 0.00 1 548 BUE 1963 30/01/2014 30/01/2014 C-10 Books
  Dewey Decimal Classification     Non-fiction Central Library, University of Rajshahi Central Library, University of Rajshahi   29/11/1967 Sweets and Ziet 90.00   548 BUE 1965 26/01/2014   C-3 Books
  Dewey Decimal Classification     Non-fiction Central Library, University of Rajshahi Central Library, University of Rajshahi   18/11/1968 Zeitlinger 122.00   548 BUE 1967 27/10/2016   C-2 Books
  Dewey Decimal Classification   Not For Loan Non-fiction Central Library, University of Rajshahi Central Library, University of Rajshahi Reading Room 29/11/1967 Zeithinger 90.00   548 BUE 1965 20/04/2017   C-1 Books
  Dewey Decimal Classification     Non-fiction Central Library, University of Rajshahi Central Library, University of Rajshahi   22/10/1973 U.S. Govt. 0.00   548 BUE 1956 16/05/2017   C-9 Books
  Dewey Decimal Classification     Non-fiction Central Library, University of Rajshahi Central Library, University of Rajshahi   22/10/1973 U.S. Govt. 0.00   548 BUE 1956 16/05/2017   C-8 Books
  Dewey Decimal Classification     Non-fiction Central Library, University of Rajshahi Central Library, University of Rajshahi   18/11/1968 Zeitlinger 122.00   548 BUE 1967 16/05/2017   C-7 Books
  Dewey Decimal Classification     Non-fiction Central Library, University of Rajshahi Central Library, University of Rajshahi   18/11/1968 Zeitlinger 122.00   548 BUE 1967 16/05/2017   C-6 Books
  Dewey Decimal Classification     Non-fiction Central Library, University of Rajshahi Central Library, University of Rajshahi   18/11/1968 Zeitlinger 122.00   548 BUE 1967 16/05/2017   C-5 Books
  Dewey Decimal Classification     Non-fiction Central Library, University of Rajshahi Central Library, University of Rajshahi   29/11/1967 Zeithinger 90.00   548 BUE 1965 16/05/2017   C-4 Books